00546nam a2200181Ia 4500003000400000008004100004040001600045082001700061100002900078245010400107700002500211260004900236300001100285650002200296650002000318650001400338650001200352GCL140319s9999 xx 000 0 eng d aGCL / cGCL04a397.126bC S1 aCATRUNY, ALAN W. (EDIT.)10aTHE STATE OF THE EUROPEAN COMMUNICTY: THE MAASTRICHTDEBATES AND BEYOND / cCATRUNY, ALAN W. (EDIT.)1 aROSENTHAL, GLENDA G. a[S.N] : bLYNNE RIENNER PUBLISHING ، c1993 a433 PP04aEUROPEAN ECONOMIC04aECONOMIC POLICY04aCOMMUNITY04aE. E. C